Parco archeologico di Monte Sannace : (Record no. 85841)

MARC details
000 -LEADER
campo de control de longitud fija 00946cam a22002777a 4500
001 - NÚMERO DE CONTROL
campo de control 85841
003 - IDENTIFICADOR DE NÚMERO DE CONTROL
campo de control ItRI
005 - FECHA Y HORA DE LA ÚLTIMA TRANSACCIÓN
campo de control 20260429115932.0
008 - DATOS DE LONGITUD FIJA--INFORMACIÓN GENERAL
campo de control de longitud fija 070917q19952014it |||||| ||||| |ita|c
040 ## - FUENTE DE CATALOGACIÓN
Lengua de catalogación ita
Centro catalogador/agencia de origen M-RABA
Centro/agencia transcriptor M-RABA
Centro/agencia modificador M-RABA
041 #7 - CÓDIGO DE IDIOMA
Código de lengua del texto/banda sonora o título independiente ita
Fuente del código ISO-639-2
082 ## - NÚMERO DE LA CLASIFICACIÓN DECIMAL DEWEY
Número de clasificación 937.75
Información de edición 23
100 1# - ENTRADA PRINCIPAL--NOMBRE DE PERSONA
Nombre de persona Ciancio, Angela
Número de control del registro de autoridad o número normalizado IT\ICCU\CFIV\103532
Relación aut
9 (RLIN) 111702
240 10 - TÍTULO UNIFORME
Título uniforme Parco archeologico di Monte Sannace : guida alla visita
9 (RLIN) Ciancio, Angela
245 10 - MENCIÓN DEL TÍTULO
Título Parco archeologico di Monte Sannace :
Resto del título guida alla visita /
Mención de responsabilidad, etc. Angela Ciancio.
260 ## - PUBLICACIÓN, DISTRIBUCIÓN, ETC.
Lugar de publicación, distribución, etc. [S.l. :
Nombre del editor, distribuidor, etc. s.n.],
Fecha de publicación, distribución, etc. [1995]
Lugar de fabricación/manufactura (Fasano :
Fabricante Grafischena)
300 ## - DESCRIPCIÓN FÍSICA
Extensión 23 p. :
Otras características físicas il. ;
Dimensiones 21 cm
500 ## - NOTA GENERAL
Nota general En cub.: Ministero per i beni culturali e ambientali, Soprintendenza archeologica della Puglia.
546 ## - NOTA DE IDIOMA
Nota de lengua/lenguaje Texto en italiano.
650 #7 - PUNTO DE ACCESO ADICIONAL DE MATERIA--TÉRMINO DE MATERIA
Término de materia o nombre geográfico como elemento de entrada Arqueología
9 (RLIN) 18834
655 #4 - TERMINO DE INDIZACIÓN--GENERO/FORMA
Datos o término principal de género/forma Guías
9 (RLIN) 62716
852 ## - LOCALIZACIÓN
Número de control de estantería F-16113
982 #1 - EQUIVALENCIA O REFERENCIA-CRUZADA-MENCIÓN DE SERIE--NOMBRE DE CONFERENCIA O REUNIÓN/CONGRESO/TÍTULO [LOCAL, CANADÁ]
Enlace z01
Nombre de congreso/reunión o jurisdicción como elemento de entrada n
942 ## - ELEMENTOS DE ENTRADA SECUNDARIOS (KOHA)
Tipo de ítem Koha Fondo moderno
Suprimir en OPAC No
981 #1 - EQUIVALENCIA O REFERENCIA-CRUZADA-MENCIÓN DE SERIE--NOMBRE DE ENTIDAD CORPORATIVA/TÍTULO [LOCAL, CANADÁ]
Enlace z01
Nombre de entidad corporativa o nombre de jurisdicción como elemento de entrada i
Unidad subordinada xxxe
Holdings
Estatus retirado Estado de pérdida Fuente de la clasificación o esquema de estantería Estado de daño No para préstamo Biblioteca de origen Biblioteca actual Ubicación en estantería Fecha de adquisición Fuente de adquisición Número de inventario Total de préstamos Signatura topográfica completa Código de barras Visto por última vez Precio de reemplazo Tipo de ítem Koha Nota pública
    Clasificación Decimal Dewey     Real Academia de la Bellas Artes de San Fernando Real Academia de la Bellas Artes de San Fernando Depósito 2 29/04/2026 D 48221   F-16113 1097134 29/04/2026 29/04/2026 Fondo moderno Donación de Vincenzo Giuseppe Sabini

Powered by Koha